Offering document to Puma energy Zambia limited plc shareholders (Record no. 52505)

MARC details
000 -LEADER
fixed length control field 00541nam a2200133 a 4500
008 - FIXED-LENGTH DATA ELEMENTS--GENERAL INFORMATION
fixed length control field 121219s2012 ||||||||||||||||| || u
050 ## - LIBRARY OF CONGRESS CALL NUMBER
Classification number PUMA(02)
110 ## - MAIN ENTRY--CORPORATE NAME
Corporate name or jurisdiction name as entry element PUMA Energy Zambia plc
245 10 - TITLE STATEMENT
Title Offering document to Puma energy Zambia limited plc shareholders
Statement of responsibility, etc. by PUMA Energy Zambia
260 ## - PUBLICATION, DISTRIBUTION, ETC.
Place of publication, distribution, etc. Lusaka:
Name of publisher, distributor, etc. PUMA Energy Zambia plc
Date of publication, distribution, etc. 2012
300 ## - PHYSICAL DESCRIPTION
Extent 16p.: ill.
650 ## - SUBJECT ADDED ENTRY--TOPICAL TERM
Topical term or geographic name entry element DIVIDENDS--PUMA ENERGY ZAMBIA
995 ## - RECOMMENDATION 995 [LOCAL, UNIMARC FRANCE]
-- CBU-MAIN LIBRARY (Kitwe)
-- 1
-- AVAILABLE
-- Dec 26, 2012
-- Zambiana Collection
Holdings
Withdrawn status Lost status Source of classification or shelving scheme Damaged status Not for loan Home library Current library Shelving location Date acquired Total Checkouts Full call number Barcode Date last seen Price effective from Koha item type
          CBU-MAIN LIBRARY, KITWE. CBU-MAIN LIBRARY, KITWE.   11/30/2022   PUMA(02) B407 11/30/2022 11/30/2022 MONOGRAPH